Rigorous route to accuracy (Record no. 71909)

MARC details
000 -LEADER
fixed length control field 01303cam a2200217 4500
001 - CONTROL NUMBER
control field ABS66349
008 - FIXED-LENGTH DATA ELEMENTS--GENERAL INFORMATION
fixed length control field 030114n2003 000 0 eng u
035 ## - SYSTEM CONTROL NUMBER
System control number (Sirsi) u121010
100 ## - MAIN ENTRY--PERSONAL NAME
Personal name Fordham, R.
245 ## - TITLE STATEMENT
Title Rigorous route to accuracy
260 ## - PUBLICATION, DISTRIBUTION, ETC.
Date of publication, distribution, etc. 2003
490 ## - SERIES STATEMENT
Series statement Planning (for the Natural and Built Environment)
Volume/sequential designation (1505) 10 January 2003, 15(1)
520 ## - SUMMARY, ETC.
Summary, etc. Examines the quality of housing needs surveys. These surveys are carried out by contractors for local authorities and the results help authorities plan affordable housing provision. Government guidance published in 2000 outlined a model for housing needs surveys and emphasised that surveys should be 'rigorous'. However recent evidence, including an affordable housing needs study of 17 councils in southwest of England, reveals that most surveys do not follow the guidance and are flawed. Argues that the Audit Commission's housing division should provide a formal checking mechanism for housing needs surveys to ensure that public money is not wasted and that survey results present a true picture of affordable housing needs. Table.
590 ## - LOCAL NOTE (RLIN)
Local note ABS
650 ## - SUBJECT ADDED ENTRY--TOPICAL TERM
Topical term or geographic name entry element HOUSING NEEDS SURVEYS
650 ## - SUBJECT ADDED ENTRY--TOPICAL TERM
Topical term or geographic name entry element HOUSING DEVELOPMENTS
650 ## - SUBJECT ADDED ENTRY--TOPICAL TERM
Topical term or geographic name entry element PLANNING POLICY
650 ## - SUBJECT ADDED ENTRY--TOPICAL TERM
Topical term or geographic name entry element HOUSING NEEDS
690 ## - LOCAL SUBJECT ADDED ENTRY--TOPICAL TERM (OCLC, RLIN)
Topical term or geographic name as entry element HOUSING
942 ## - ADDED ENTRY ELEMENTS (KOHA)
Suppress in OPAC 0
Holdings
Withdrawn status Lost status Source of classification or shelving scheme Damaged status Not for loan Home library Current library Shelving location Date acquired Total Checkouts Full call number Barcode Date last seen Copy number Price effective from Koha item type
    Dewey Decimal Classification     London London Journal article 14/01/2003   ABS66349 121010-1001 06/08/2019 1 06/08/2019 Journal article